Every team in the 2025-2026 UEFA Champions league - Statistics

General Stats
  • This quiz has been taken 70 times
  • The average score is 27 of 36
Answer Stats
Country Club % Correct
Spain Barcelona
98%
England Arsenal
96%
Germany Bayern Munich
96%
England Manchester City
96%
France Paris Saint-Germain
96%
Netherlands Ajax
94%
England Liverpool
94%
Monaco Monaco
94%
Spain Atletico Madrid
92%
Italy Inter Milan
92%
Spain Real Madrid
92%
Portugal Benfica
88%
Portugal Sporting
88%
England Chelsea
86%
Germany Borussia Dortmund
84%
Italy Juventus
82%
Norway Bodo/Glimt
80%
Turkey Galatasaray
80%
Germany Bayer 04 Leverkusen
78%
Italy Napoli
78%
England Tottenham Hotspurs
78%
France Marseille
76%
England Newcastle
76%
Belgium Club Brugge
73%
Italy Atalanta
71%
Netherlands PSV
69%
Spain Villarreal
63%
Azerbaijan Qarabag FK
61%
Greece Olympiacos
59%
Denmark Copenhagen
57%
Spain Athletic Club
53%
Kazakhstan Kairat
53%
Cyprus Pafos
51%
Germany Eintracht Frankfurt
49%
Czech Republic Slavia Praha
31%
Belgium Union SG
20%
No matching quizzes found
Score Distribution
Percent of People with Each Score
Percentile by Number Answered
Your Score History
You have not taken this quiz